Statistiques concernant Roys de France mérovingiens

Cliquez ici pour prendre le quiz!

Statistiques générales

  • Ce quiz a été pris 36 fois
  • Le résultat moyen est 4 sur 14

Statistiques - réponses

Réponse% Correct
Clovis
100%
Clotaire
75%
Dagobert
60%
Clovis II
35%
Childéric III
20%
Clotaire II
20%
Clovis III
20%
Childebert III
15%
Childéric II
15%
Chilpéric II
15%
Dagobert III
15%
Thierry III
15%
Thierry IV
15%
Clotaire III
10%

Distribution des résultats

Percentile par nombre de réponses

% des personnes avec chaque résultat

Votre développement - résultats

Vous n’avez pas pris ce quiz